<?xml version="1.0" encoding="UTF-8"?>
<record
    xmlns:xsi="http://www.w3.org/2001/XMLSchema-instance"
    xsi:schemaLocation="http://www.loc.gov/MARC21/slim http://www.loc.gov/standards/marcxml/schema/MARC21slim.xsd"
    xmlns="http://www.loc.gov/MARC21/slim">

  <leader>01989nam a2200349   4500</leader>
  <controlfield tag="005">20250719174839.0</controlfield>
  <controlfield tag="008">250719b2024    th ||||| |||| 00| 0 chi d</controlfield>
  <datafield tag="040" ind1=" " ind2=" ">
    <subfield code="a">PIMLIB</subfield>
    <subfield code="c">PIMLIB</subfield>
  </datafield>
  <datafield tag="050" ind1=" " ind2=" ">
    <subfield code="a">Thesis</subfield>
    <subfield code="b">X6R</subfield>
    <subfield code="y">2024</subfield>
  </datafield>
  <datafield tag="100" ind1=" " ind2=" ">
    <subfield code="9">101541</subfield>
    <subfield code="a">XIANG GAO</subfield>
  </datafield>
  <datafield tag="245" ind1=" " ind2=" ">
    <subfield code="a">&#x5112;&#x5BB6;&#x6587;&#x5316;&#x5BF9;&#x4F01;&#x4E1A;&#x7EFF;&#x8272;&#x6280;&#x672F;&#x521B;&#x65B0;&#x3001;&#x73AF; &#x5883;&#x7EE9;&#x6548;&#x7684;&#x5F71;&#x54CD;&#x673A;&#x5236;&#x7814;&#x7A76;</subfield>
  </datafield>
  <datafield tag="246" ind1=" " ind2=" ">
    <subfield code="a">Research on the influence mechanism of confucian culture on green technology innovation and environmental performance in enterprises</subfield>
  </datafield>
  <datafield tag="260" ind1=" " ind2=" ">
    <subfield code="a">Nonthaburi :</subfield>
    <subfield code="b">Panyapiwat Institute of Management,</subfield>
    <subfield code="c">2024</subfield>
  </datafield>
  <datafield tag="300" ind1=" " ind2=" ">
    <subfield code="a">P.118</subfield>
  </datafield>
  <datafield tag="502" ind1=" " ind2=" ">
    <subfield code="a">Thesis : Doctor of Philosophy Business Administration (Chinese Program)  -- Panyapiwat Institute of Management, 2024.
</subfield>
  </datafield>
  <datafield tag="650" ind1=" " ind2="0">
    <subfield code="9">63800</subfield>
    <subfield code="a">CPHD</subfield>
  </datafield>
  <datafield tag="650" ind1=" " ind2="0">
    <subfield code="9">101542</subfield>
    <subfield code="a">&#x5112;&#x5BB6;&#x6587;&#x5316;</subfield>
  </datafield>
  <datafield tag="650" ind1=" " ind2="0">
    <subfield code="9">101543</subfield>
    <subfield code="a">&#x7EFF;&#x8272;&#x6280;&#x672F;&#x521B;&#x65B0;</subfield>
  </datafield>
  <datafield tag="650" ind1=" " ind2="0">
    <subfield code="9">101544</subfield>
    <subfield code="a">&#x73AF;&#x5883;&#x7EE9;&#x6548;</subfield>
  </datafield>
  <datafield tag="650" ind1=" " ind2="0">
    <subfield code="9">101545</subfield>
    <subfield code="a">&#x5236;&#x5EA6;&#x73AF;&#x5883; </subfield>
  </datafield>
  <datafield tag="650" ind1=" " ind2="0">
    <subfield code="9">101546</subfield>
    <subfield code="a">&#x7EC4;&#x7EC7;&#x60C5;&#x5883;</subfield>
  </datafield>
  <datafield tag="650" ind1=" " ind2="0">
    <subfield code="9">101547</subfield>
    <subfield code="a">&#x975E;&#x6B63;&#x5F0F;&#x5236;&#x5EA6;</subfield>
  </datafield>
  <datafield tag="650" ind1=" " ind2="0">
    <subfield code="9">101548</subfield>
    <subfield code="a">Confucian Culture</subfield>
  </datafield>
  <datafield tag="650" ind1=" " ind2="0">
    <subfield code="9">101549</subfield>
    <subfield code="a">Green Technology Innovation</subfield>
  </datafield>
  <datafield tag="650" ind1=" " ind2="0">
    <subfield code="9">101550</subfield>
    <subfield code="a">Environmental performance</subfield>
  </datafield>
  <datafield tag="650" ind1=" " ind2="0">
    <subfield code="9">101551</subfield>
    <subfield code="a">Organization Context</subfield>
  </datafield>
  <datafield tag="690" ind1=" " ind2=" ">
    <subfield code="9">47390</subfield>
    <subfield code="a">0011-3 &#xE27;&#xE34;&#xE17;&#xE22;&#xE32;&#xE25;&#xE31;&#xE22;&#xE19;&#xE32;&#xE19;&#xE32;&#xE0A;&#xE32;&#xE15;&#xE34;&#xE28;&#xE36;&#xE01;&#xE29;&#xE32;&#xE08;&#xE35;&#xE19; &#xE1B;&#xE23;&#xE31;&#xE0A;&#xE0D;&#xE32;&#xE14;&#xE38;&#xE29;&#xE0E;&#xE35;&#xE1A;&#xE31;&#xE13;&#xE11;&#xE34;&#xE15; &#xE2A;&#xE32;&#xE02;&#xE32;&#xE1A;&#xE23;&#xE34;&#xE2B;&#xE32;&#xE23;&#xE18;&#xE38;&#xE23;&#xE01;&#xE34;&#xE08; CPHD (&#xE2B;&#xE25;&#xE31;&#xE01;&#xE2A;&#xE39;&#xE15;&#xE23;&#xE20;&#xE32;&#xE29;&#xE32;&#xE08;&#xE35;&#xE19;)(&#xE1B;.&#xE40;&#xE2D;&#xE01;)</subfield>
  </datafield>
  <datafield tag="856" ind1=" " ind2=" ">
    <subfield code="u">https://elibrary.pim.ac.th/ebook/viewer?file=https://elibrary.pim.ac.th/ebook?id=ee3480c0-648d-11f0-8bd5-fa163e01dc04&amp;id=ee3480c0-648d-11f0-8bd5-fa163e01dc04</subfield>
    <subfield code="w">ee3480c0-648d-11f0-8bd5-fa163e01dc04</subfield>
    <subfield code="z">Ebook Full text</subfield>
  </datafield>
  <datafield tag="942" ind1=" " ind2=" ">
    <subfield code="2">lcc</subfield>
    <subfield code="n">0</subfield>
    <subfield code="c">ETS</subfield>
  </datafield>
  <datafield tag="999" ind1=" " ind2=" ">
    <subfield code="c">1001990</subfield>
    <subfield code="d">1001990</subfield>
  </datafield>
  <datafield tag="856" ind1=" " ind2=" ">
    <subfield code="u">https://elibrary.pim.ac.th/ebook/viewer?file=https://elibrary.pim.ac.th/ebook?id=e3ce71af-648d-11f0-8bd5-fa163e01dc04&amp;id=e3ce71af-648d-11f0-8bd5-fa163e01dc04</subfield>
    <subfield code="w">e3ce71af-648d-11f0-8bd5-fa163e01dc04</subfield>
    <subfield code="z">Ebook Abstract</subfield>
  </datafield>
</record>
